PHYSICS: MSc Entrance Examination / (Record no. 190973)

MARC details
000 -LEADER
fixed length control field 00694nam a22002057a 4500
005 - DATE AND TIME OF LATEST TRANSACTION
control field 20220816161033.0
010 ## - LCCN (DPL NO)
LC control number B-745316
020 ## - INTERNATIONAL STANDARD BOOK NUMBER
International Standard Book Number 9789353224615
Terms of availability 595.00
035 ## - SYSTEM CONTROL NUMBER
System control number B-745316
037 ## - SOURCE OF ACQUISITION
Source of stock number/acquisition Prabhat Prakashan
100 ## - MAIN ENTRY--PERSONAL NAME
Personal name Jain, Subhash
245 ## - TITLE STATEMENT
Title PHYSICS: MSc Entrance Examination /
Statement of responsibility, etc Subhash Jain and Anshul Jain
250 ## - EDITION STATEMENT
Edition statement 1st
260 ## - PUBLICATION, DISTRIBUTION, ETC. (IMPRINT)
Place of publication, distribution, etc New Delhi
Name of publisher, distributor, etc Prabhat Prakashan
Date of publication, distribution, etc 2019
270 ## - ADDRESS
Address 4/19 Asaf Ali Road New Delhi
City New Delhi
Postal code 110002
Telephone number 7827007777
Electronic mail address prabhatbooks@gmail.com
300 ## - PHYSICAL DESCRIPTION
Extent 805p.
Dimensions 28cm(pbk)
700 ## - ADDED ENTRY--PERSONAL NAME
Personal name Jain, Anshul
942 ## - ADDED ENTRY ELEMENTS (KOHA)
Source of classification or shelving scheme Dewey Decimal Classification
Item type English Books
Call number suffix JAI
Classification part 530
Holdings
Withdrawn status Lost status Not for loan Collection code Home library Current library Date acquired Source of acquisition Cost, normal purchase price Full call number Barcode Copy number Cost, replacement price Koha item type Public note
      Non-fiction Ashok Vihar Ashok Vihar 16/08/2022 18.6.2022/ Gift 595.00 530 JAI B-745316 1 595.00 English Books Gift

© Delhi Public Library
Hit Counter
free hit counter